[Event "Andalucia-chA"]
[Site "Algeciras"]
[Date "2018.05.13"]
[Round "3"]
[White "Maceiras, Moya Nery"]
[Black "Moncada Rodriguez, Cristobal"]
[Result "1/2-1/2"]
[WhiteElo "1825"]
[BlackElo "1832"]
[PlyCount "98"]
[EventDate "2018.05.12"]
[EventType "swiss"]
[EventRounds "8"]
[EventCountry "ESP"]
[SourceTitle "EXT 2020"]
[Source "ChessBase"]
[SourceDate "2019.10.17"]
[SourceVersion "1"]
[SourceVersionDate "2019.10.17"]
[SourceQuality "1"]

1. d4 Nf6 2. Nf3 g6 3. g3 Bg7 4. Bg2 0-0 5. c4 d6 6. Nc3 Nbd7 7. 0-0 e5 8. dxe5 dxe5 9. Qc2 c6 10. Bg5 Qc7 11. Rad1 a5 12. b3 Nc5 13. Nd2 Bf5 14. e4 Bg4 15. f3 Be6 16. Be3 b6 17. Kh1 Rad8 18. Ndb1 Bc8 19. Rf2 Rxd1+ 20. Qxd1 Rd8 21. Rd2 Rxd2 22. Qxd2 Nfd7 23. Ne2 Ne6 24. Nbc3 Ndc5 25. Nd1 Qd7 26. Qxd7 Bxd7 27. Nf2 Nd4 28. Nc1 Kf8 29. Kg1 Ke7 30. Bg5+ f6 31. Bd2 Be6 32. Nfd3 Na6 33. Kf2 Kd7 34. c5 Kc7 35. Bf1 Bf8 36. cxb6+ Kxb6 37. Be3 Nb4 38. Nxb4 Bxb4 39. Nd3 Bd6 40. Nb2 Bb4 41. Bd3 c5 42. Bh6 f5 43. Bg7 Nc6 44. Na4+ Kc7 45. Bb5 Kd6 46. Bxc6 Kxc6 47. Bxe5 c4 48. bxc4 fxe4 49. fxe4 Bxc4 1/2-1/2

[Event "Seville op 39th"]
[Site "Seville"]
[Date "2014.01.14"]
[Round "5"]
[White "Moncada Rodriguez, Cristobal"]
[Black "Coimbra, Margarida Goncalves"]
[Result "1-0"]
[WhiteElo "1891"]
[BlackElo "2087"]
[PlyCount "55"]
[EventDate "2014.01.10"]
[EventType "swiss"]
[EventRounds "9"]
[EventCountry "ESP"]
[SourceTitle "CBM 158 Extra"]
[Source "ChessBase"]
[SourceDate "2014.02.28"]
[SourceVersion "1"]
[SourceVersionDate "2014.02.28"]
[SourceQuality "1"]

1. c4 e6 2. Nf3 d5 3. g3 c6 4. cxd5 exd5 5. Bg2 Nf6 6. 0-0 Bd6 7. d4 0-0 8. Nc3 Nbd7 9. Nh4 Nb6 10. a4 a5 11. Qd3 Re8 12. e4 dxe4 13. Nxe4 Be7 14. Ng5 Nbd5 15. Re1 Nb4 16. Qc4 Nfd5 17. Qe2 g6 18. Nhf3 Bf5 19. Ne4 Nf6 20. Ne5 Qxd4 21. Ng5 Bd6 22. Ngf3 Qb6 23. Qc4 Qc7 24. Bg5 Nfd5 25. Re2 Bd3 26. Nxd3 Rxe2 27. Nxb4 Rxb2 28. Nxd5 1-0

[Event "Almansa op-B 5th"]
[Site "Almansa"]
[Date "2010.08.12"]
[Round "6.5"]
[White "Jimenez Almeida, Luis David"]
[Black "Moncada Rodriguez, Cristobal"]
[Result "1/2-1/2"]
[WhiteElo "1936"]
[BlackElo "1948"]
[PlyCount "74"]
[EventDate "2010.08.09"]
[EventType "swiss"]
[EventRounds "9"]
[EventCountry "ESP"]
[SourceTitle "EXT 2024"]
[Source "ChessBase"]
[SourceDate "2023.10.10"]
[SourceVersion "1"]
[SourceVersionDate "2023.10.10"]
[SourceQuality "1"]

1. e4 e6 2. c4 d5 3. exd5 exd5 4. cxd5 Nf6 5. Nc3 Nxd5 6. Qf3 Nxc3 7. dxc3 Be7 8. Bf4 c6 9. Bc4 0-0 10. Ne2 Nd7 11. 0-0 Nf6 12. Rfe1 Qa5 13. b3 Bg4 14. Qg3 Rfe8 15. Nd4 Qc5 16. h3 Bh5 17. Re5 Qa3 18. Rae1 Bg6 19. Bc1 Qd6 20. Rxe7 Rxe7 21. Qxd6 Rxe1+ 22. Kh2 Rxc1 23. Ne2 Rc2 24. Qc7 Re8 25. Qxb7 Rxa2 26. b4 Raxe2 27. Bxe2 Rxe2 28. Qxc6 h6 29. Qa8+ Kh7 30. Qxa7 Ne4 31. c4 Nxf2 32. c5 Nd3 33. b5 Be4 34. Kg1 Rxg2+ 35. Kf1 Rf2+ 36. Kg1 Rg2+ 37. Kf1 Rf2+ 1/2-1/2